|
|
|
|
| LEADER |
00000nam0a2200000 4500 |
| 001 |
192860 |
| 005 |
20231031181546.0 |
| 035 |
|
|
|a (RuTPU)RU\TPU\book\210290
|
| 090 |
|
|
|a 192860
|
| 100 |
|
|
|a 20110310d1968 km y0rusy50 ca
|
| 101 |
0 |
|
|a rus
|
| 102 |
|
|
|a RU
|
| 105 |
|
|
|a a z 001zy
|
| 200 |
1 |
|
|a Противопригарные покрытия для форм и стержней
|f К. М. Ткаченко [и др.]
|
| 210 |
|
|
|a Москва
|c Машиностроение
|d 1968
|
| 215 |
|
|
|a 96 с.
|c ил.
|
| 320 |
|
|
|a Библиогр.: с. 95.
|
| 610 |
1 |
|
|a металлобработка
|
| 610 |
1 |
|
|a литейное дело
|
| 610 |
1 |
|
|a литейные формы
|
| 610 |
1 |
|
|a литейные стержни
|
| 610 |
1 |
|
|a противопригарные покрытия
|
| 675 |
|
|
|a 621.742
|v 3
|
| 675 |
|
|
|a 621.743
|v 3
|
| 701 |
|
1 |
|a Ткаченко
|b К. М.
|
| 701 |
|
1 |
|a Кемлер
|b Л. Ф.
|
| 701 |
|
1 |
|a Давыдов
|b Н. И.
|
| 701 |
|
1 |
|a Балясникова
|b Г. С.
|
| 801 |
|
1 |
|a RU
|b 63413507
|c 20110310
|
| 801 |
|
2 |
|a RU
|b 63413507
|c 20111010
|g RCR
|
| 942 |
|
|
|c BK
|